000 00964nam a22002537a 4500
005 2008090307237.0
008 080903t xxu||||| |||| 00| 0 eng d
010 _aENG-90914
020 _a9788131304419
_c1295.00
035 _aEN-74447
037 _bDBAD / PUB
040 _aDPL
_bEnglish
082 _a388.406
100 _aJain, A.K.
245 _aUrban transport planning and management /
_cby A.K. Jain
260 _aNew Delhi
_bAPH Publishing House
_c2009
270 _a4435-36/7, Ansari Raod, Darya Ganj,
_bNew Delhi
_e110002
_k23274050
300 _a355p.:
_c23 cm (Hb)
_bill; maps.
500 _aIncludes bibliographical references and index
650 _aUrban transportation
650 _aTransportation
_xPlanning
942 _2ddc
_cEN
_mJAI
_h388.406
999 _c15327
_d15327